[Event "11th LCC FIDE Open 2019"]
[Site "London"]
[Date "2019.11.29"]
[Round "1.1"]
[White "Aravindh, Chithambaram Vr"]
[Black "Ciocan, Maria-Alexandra"]
[Result "1-0"]
[WhiteElo "2605"]
[BlackElo "2058"]
[Annotator "TA"]
[PlyCount "71"]
[EventDate "2019.11.29"]
[EventType "swiss"]
[EventCountry "ENG"]
[SourceTitle "playchess.com"]
[Source "ChessBase"]
[SourceQuality "1"]

{[%evp 9,71,-1,15,10,52,58,39,38,36,39,53,52,60,56,59,56,64,47,43,40,42,35,35,30,38,37,49,20,19,28,14,0,29,18,41,20,50,7,21,23,50,50,66,16,52,0,0,0,46,56,41,44,45,42,44,46,1330,1375,1356,1324,1302,1302,29990,985]} 1. d4 Nf6 2. Bg5 Ne4 3. h4 c5 4. d5 Qb6 5. Nd2 Nxd2 6. Bxd2 {A45: Trompowsky Attack} e5 (6... Qxb2 7. e4 Qd4 8. Bd3 c4 9. Nf3 Qc5 10. Be2 e6 11. Bc3 exd5 12. exd5 Be7 13. Ng5 d6 14. Bxg7 {1-0 (64) Ivanisevic,I (2653)-Hausrath,D (2503) Berlin 2015}) 7. e4 d6 8. a4 {White is slightly better.} Be7 $146 ({Predecessor:} 8... Nd7 9. a5 Qc7 10. c4 Be7 11. Bd3 Qd8 12. g3 O-O 13. Nf3 Nf6 {0-1 (42) Harika,D (2480)-Khademalsharieh,S (2372) Hamedan 2018}) 9. Bb5+ Bd7 10. Bxd7+ Nxd7 11. Ne2 Qd8 12. h5 Bg5 13. Ng3 g6 14. a5 Qe7 15. Qc1 (15. Ra3 {seems wilder.} O-O-O 16. a6 b6 17. Rf3 Rdf8 18. Kf1) 15... Bxd2+ 16. Qxd2 Nf6 17. f3 a6 18. O-O-O O-O-O 19. Rh3 Kb8 20. Rdh1 Rhf8 21. hxg6 hxg6 22. Ne2 Rc8 23. c4 Qd8 24. g4 b6 25. axb6 Qxb6 26. f4 {With the idea fxe5.} Nxg4 ({Avoid the trap} 26... Nxe4 $2 27. Qc2 $18) 27. Kc2 (27. Rg3 $14 Nf6 28. Qc2) 27... Ka7 $11 {Hoping for ...Rb8.} 28. Rb3 Qc7 29. Nc3 {[%mdl 1024] White has compensation.} Rb8 $1 {[%cal Rb8b3] And now ...Rxb3 would win.} 30. Ra3 {Black must now prevent Nb5+.} Qd7 $1 31. Rha1 $36 {[%mdl 2048] White has some pressure.} Rb6 32. Na4 Rb4 $2 {[%mdl 8192] [#]} (32... Rfb8 $14) 33. Nxc5 $1 $18 {[%mdl 576] Discovered Attack} dxc5 34. Rxa6+ Kb8 35. Ra8+ Kc7 {[#]} 36. R1a7+ {Accuracy: White = 60%, Black = 47%.} (36. d6+ $142 $1 {[%mdl 512]} Qxd6 37. R8a7+ Rb7 38. Rxb7+ {[%mdl 64] Overworked Piece} Kxb7 39. Qxd6 Ne3+ {[#]} 40. Kb3 $1 {[%mdl 512]} Rd8 41. Qxd8) 1-0

[Event "11th LCC FIDE Open 2019"]
[Site "London"]
[Date "2019.11.29"]
[Round "1.2"]
[White "Nettleton, Charlie B"]
[Black "Moussard, Jules"]
[Result "0-1"]
[WhiteElo "2058"]
[BlackElo "2600"]
[Annotator "TA"]
[PlyCount "44"]
[EventDate "2019.11.29"]
[EventType "swiss"]
[EventCountry "ENG"]
[SourceTitle "playchess.com"]
[Source "ChessBase"]
[SourceQuality "1"]

{[%evp 14,44,35,0,0,-47,-34,-142,-127,-166,-76,-154,-143,-131,-130,-174,-168,-468,-144,-145,-135,-97,0,-110,-117,-626,-629,-632,-617,-756,-737,-746,-730]} 1. e4 Nf6 2. Nc3 d6 3. d4 g6 4. f4 Bg7 5. Nf3 O-O 6. Bd3 Na6 7. O-O c5 8. e5 Nd7 {B09: Pirc Defence: Austrian Attack} 9. e6 (9. exd6 exd6 10. Be3 Nb4 11. Bf2 cxd4 12. Nxd4 Nc5 13. Be2 Ne6 14. Nxe6 Bxe6 15. Nb5 Nd5 {½-½ (34) Nabaty,T (2485)-Chatalbashev,B (2555) Albena 2010}) 9... fxe6 10. Qe1 $146 (10. Ng5 $15 Nf6 11. Be3) ({Predecessor:} 10. Ng5 Bxd4+ 11. Kh1 Nf6 12. Qe1 Bxc3 13. bxc3 Nc7 14. Bc4 d5 15. Bd3 Kg7 16. a4 {0-1 (33) Ehsandar,P-Davis,L (1961) Cardiff 2010}) 10... cxd4 $17 {Black is clearly better.} 11. Ne4 {[#]} ({Avoid the trap} 11. Qxe6+ $2 Kh8 $19) 11... Nac5 (11... Ndc5 $1 $19 12. Bxa6 bxa6) 12. Qh4 ({Better is} 12. Neg5) 12... Nxe4 13. Bxe4 Rf6 14. Ng5 h6 15. f5 $2 (15. Nh3 {is a better defense.}) 15... Nc5 $2 (15... hxg5 $19 {has better winning chances.} 16. Bxg5 gxf5 17. Bxf6 Bxf6 18. Qg3+ Kf7) 16. fxg6 {Strongly threatening Rxf6.} Nxe4 ({Inferior is} 16... hxg5 17. Bxg5 Nxe4 18. Qh7+ Kf8 19. Bh6 $16) 17. Nf7 Rxf1+ 18. Kxf1 {[#]} Qa5 $1 {[%cal Ra5f5]} 19. Bxh6 $2 {[%mdl 8192]} (19. Qxe4 $17 Qf5+ 20. Qxf5 exf5 21. Nxh6+ Kf8 22. h4) 19... Qf5+ $19 {[%mdl 64] Double Attack. Black is clearly winning.} 20. Kg1 {With the idea Bxg7.} Bf6 21. Bg5 Qxg6 (21... Nxg5 $2 22. Nh6+ Kg7 23. Nxf5+ exf5 24. Qe1 $19) 22. Bxf6 Nxf6 {Accuracy: White = 18%, Black = 60%.} 0-1

[Event "11th LCC FIDE Open 2019"]
[Site "London"]
[Date "2019.11.29"]
[Round "1.3"]
[White "Praggnanandhaa, R."]
[Black "Eche, Sylvain"]
[Result "1-0"]
[WhiteElo "2586"]
[BlackElo "2054"]
[Annotator "TA"]
[PlyCount "53"]
[EventDate "2019.11.29"]
[EventType "swiss"]
[EventCountry "ENG"]
[SourceTitle "playchess.com"]
[Source "ChessBase"]
[SourceQuality "1"]

{[%evp 14,53,29,16,12,14,23,22,45,44,74,74,89,82,89,86,66,65,99,103,114,112,103,132,236,242,249,249,476,474,475,447,527,526,544,535,541,538,541,543,701,716]} 1. Nf3 Nf6 2. g3 g6 3. b3 Bg7 4. Bb2 O-O 5. Bg2 d5 6. c4 c6 7. O-O a5 8. Na3 Na6 {A11: English Opening: 1...c6} 9. d3 Re8 $146 ({Predecessor:} 9... Bg4 10. h3 Bxf3 11. Bxf3 Re8 12. Bg2 e5 13. Nc2 a4 14. b4 b5 15. a3 Qd7 16. e3 Rad8 {½-½ (35) Nielsen,P (2628)-Radjabov,T (2670) Tripoli 2004}) 10. Qd2 Nc7 {The position is equal.} 11. Rac1 Be6 12. cxd5 cxd5 13. Be5 Na6 14. Nb5 {[%cal Ba3b5,Bb5c3,Bc3a4][%mdl 32]} Qb6 15. Nc3 $36 {[%mdl 2048] White has good play.} Nb4 16. Na4 Qa7 17. Nd4 {aiming for Nb5.} Bd7 18. a3 Nc6 {[#]} (18... Nh5 $16) 19. Nb5 $1 $18 {[%cal Rb5a7]} Qa6 20. Nc7 $1 {[%csl LRa6,LRa8,LRd5,LRe8]} Nxe5 $2 (20... Qa7) 21. Nxa6 {White is clearly winning.} Rxa6 22. Nc5 Ra7 23. d4 Nc6 24. Nxd7 {[%mdl 64] [#] Overworked Piece} Nxd7 25. Bxd5 Nxd4 26. e3 e6 27. Bg2 {Accuracy: White = 98%, Black = 40%.} 1-0

[Event "11th LCC FIDE Open 2019"]
[Site "London"]
[Date "2019.11.29"]
[Round "1.4"]
[White "Rushbrooke, Remy"]
[Black "Smirnov, Anton"]
[Result "0-1"]
[WhiteElo "2053"]
[BlackElo "2573"]
[Annotator "TA"]
[PlyCount "44"]
[EventDate "2019.11.29"]
[EventType "swiss"]
[EventCountry "ENG"]
[SourceTitle "playchess.com"]
[Source "ChessBase"]
[SourceQuality "1"]

{[%evp 9,44,-29,-25,-34,-27,-31,-29,-39,-10,-5,24,64,39,50,48,0,-12,12,42,41,45,52,47,24,98,41,99,0,104,62,84,30,8,-372,-401,-553,-543]} 1. d4 d5 2. Nc3 Nf6 3. Bg5 Nbd7 4. e3 e6 5. a3 (5. Qf3 c5 6. O-O-O a6 7. Nge2 Qa5 8. Bxf6 Nxf6 9. g4 b5 10. g5 Nd7 11. Nf4 cxd4 12. Ncxd5 exd5 13. Qxd5 {1-0 (23) Short,N (2685)-Giri,A (2642) Amsterdam 2010}) 5... c5 6. Nf3 {D01: Veresov Opening} a6 7. Ne5 $146 ({Predecessor:} 7. Be2 Be7 8. O-O O-O 9. Rc1 c4 10. Re1 b5 11. Nb1 a5 12. Ne5 Nxe5 13. dxe5 Nd7 14. Bxe7 Qxe7 15. f4 b4 16. Bf3 Rb8 {1-0 (39) Bogdanov,M (1763)-Borkowska,Z (1606) Polanica Zdroj 2019}) 7... h6 8. Bh4 {Black has an edge.} cxd4 (8... Qa5 {feels hotter.} 9. Nxd7 Bxd7 10. Qd2 Bd6 11. Be2 Rc8) 9. exd4 Nxe5 (9... Qa5 {looks sharper.} 10. f4 g5 11. Bg3 Ne4 12. Be2 gxf4 13. Bxf4 Bd6) 10. dxe5 g5 11. Bg3 $1 Nd7 12. Bd3 Bg7 13. Qe2 b5 14. O-O Bb7 15. f4 gxf4 16. Bxf4 Qe7 (16... h5 $1 $11) 17. Rf3 (17. Rae1 $16) 17... O-O-O (17... h5 $1 $14) 18. Rg3 (18. a4 $1 $16) 18... Rdg8 (18... f6 $1 $11 {keeps the balance.} 19. exf6 Bxf6) 19. a4 Qb4 {[#]} 20. Rf1 ({White should try} 20. Rf3 $1 $16) 20... bxa4 $11 ({Don't play} 20... Qxb2 $6 {[#]} 21. Bxb5 $1 {[%mdl 512]} axb5 22. Rb1 $16) 21. Bxa6 $2 {[%mdl 8192]} (21. Kh1 $11) 21... Qb6+ $19 {[%mdl 64] Double Attack} 22. Kh1 {Black must now prevent Bb5.} Bxa6 {Accuracy: White = 24%, Black = 46%.} 0-1

[Event "11th LCC FIDE Open 2019"]
[Site "London"]
[Date "2019.11.29"]
[Round "1.5"]
[White "Fodor, Tamas Jr"]
[Black "Grigoryan, Meri"]
[Result "1-0"]
[WhiteElo "2533"]
[BlackElo "2050"]
[Annotator "TA"]
[PlyCount "45"]
[EventDate "2019.11.29"]
[EventType "swiss"]
[EventCountry "ENG"]
[SourceTitle "playchess.com"]
[Source "ChessBase"]
[SourceQuality "1"]

{[%evp 10,54,22,20,33,20,41,38,91,101,96,57,132,133,122,71,107,25,54,63,42,47,54,27,106,115,163,148,149,148,163,156,275,271,774,772,1044,1035,1045,1025,1057,1047,1171,1105,1573,1531,1561]} 1. d4 d5 2. c4 e6 3. cxd5 exd5 4. Nc3 Nf6 5. Bg5 c6 6. e3 Bb4 {D35: Queen's Gambit Declined: Exchange Variation} (6... Be7 7. Qc2 Nbd7 8. Bd3 Nh5 9. Bxe7 Qxe7 10. Nge2 Nb6 11. O-O-O g6 12. Kb1 Bd7 13. Nc1 Ng7 14. h4 O-O-O 15. Nb3 Bf5 16. Nc5 Kb8 17. N3a4 Rd6 18. Bxf5 Nxf5 19. h5 Rf6 20. e4 Ng7 {1-0 (54) Harikrishna,P (2746)-Fedoseev,V (2664) Khanty-Mansiysk 2019}) 7. Bd3 Be6 8. Qb3 Qb6 $146 (8... c5 $14) ({Predecessor:} 8... Bxc3+ 9. bxc3 b6 10. Ne2 Nbd7 11. Nf4 O-O 12. Qc2 h6 13. Nxe6 fxe6 14. Bf4 {½-½ (34) Slechta,J (1733)-Vetter,U (1538) Liberec 2017}) 9. Bxf6 $16 gxf6 10. Nge2 c5 (10... h5 $14) 11. dxc5 Bxc5 12. Qa4+ (12. Nf4 $142) 12... Nc6 {[#]} 13. Qf4 ({White should try} 13. Bb5 $1 $16) 13... O-O-O 14. O-O Bd6 15. Qxf6 Be5 16. Qh6 $36 {[%mdl 2048] White fights for an advantage.} Rdg8 (16... Kb8 $11 {keeps the balance.}) 17. Nf4 Bxf4 18. Qxf4 Rg4 19. Qf6 Rhg8 20. g3 {Threatens to win with Bf5.} Qc7 (20... Qd8 $16 21. Qxd8+ Rxd8) 21. Bf5 $18 ({But not} 21. Bxh7 $6 Qd8 $18) 21... Ne5 $2 (21... Bxf5 22. Qxf5+ {[%mdl 64] Double Attack} Qd7 23. Qxd7+ (23. Qxh7 d4 $18) 23... Kxd7 24. Nxd5 Ke6) 22. Nxd5 {White is clearly winning.} Nf3+ 23. Kg2 {Played: Kg1-h1} 1-0

[Event "11th LCC FIDE Open 2019"]
[Site "London"]
[Date "2019.11.29"]
[Round "1.6"]
[White "Orgler, Philipp"]
[Black "Grover, Sahaj"]
[Result "0-1"]
[WhiteElo "2047"]
[BlackElo "2508"]
[Annotator "TA"]
[PlyCount "62"]
[EventDate "2019.11.29"]
[EventType "swiss"]
[EventCountry "ENG"]
[SourceTitle "playchess.com"]
[Source "ChessBase"]
[SourceQuality "1"]

{[%evp 9,62,-15,-12,-8,0,0,0,19,18,0,58,47,61,0,5,2,19,20,19,-37,-44,-47,-43,-77,-61,-87,-54,-51,-52,-82,-89,-150,-150,-345,-346,-345,-345,-336,-337,-336,-333,-329,-321,-329,-314,-429,-423,-420,-410,-400,-400,-392,-402,-431,-419]} 1. d4 d5 2. Nc3 Nf6 3. Bf4 e6 4. Nb5 Na6 5. e3 c6 6. Nc3 {D00: 1 d4 d5: Unusual lines} Be7 7. Nf3 O-O 8. Bxa6 {The position is equal.} bxa6 9. Ne5 Qb6 $146 (9... Bb7 $11) ({Predecessor:} 9... Bb7 10. Na4 c5 11. O-O cxd4 12. exd4 {0-1 (35) Kovalev,V (2546)-Gelfand,B (2741) Berlin 2015}) 10. O-O $14 Qxb2 11. Na4 (11. Rb1 $14 Qxc3 12. Rb3) 11... Qa3 $1 $11 {[%cal Ra3a4]} 12. c4 Nh5 13. Qxh5 Qxa4 14. c5 ({White should play} 14. Qd1 $11 Qxd1 15. Rfxd1) 14... f6 $15 15. Nd3 a5 16. Bd6 Rf7 17. Rfd1 Qa3 18. Bg3 Ba6 $36 {[%mdl 2048] Black is more active.} 19. Nf4 {[#]} e5 $1 {[%cal Re5f4][%mdl 512]} 20. Ne6 {[#]} ({Better is} 20. dxe5 fxe5 21. Ne6) 20... g6 $1 $17 {[%cal Rg6h5]} 21. Qh6 $2 (21. Qf3 $17 {was the only chance.} Bd3 22. e4 dxe4 23. Qe3) 21... Bc8 $19 22. Nc7 Bf8 23. Qh4 Rxc7 ({Don't play} 23... g5 24. Qh5 $19) 24. Qxf6 Bf5 25. Bxe5 Bg7 26. Qd6 Bxe5 27. dxe5 Rac8 28. e6 Qc3 29. e7 {And now Rac1 would win.} Kf7 30. Rac1 Qh8 31. Qf4 Rxe7 {Accuracy: White = 48%, Black = 65%.} 0-1

[Event "11th LCC FIDE Open 2019"]
[Site "London"]
[Date "2019.11.29"]
[Round "1.7"]
[White "Gordon, Stephen J"]
[Black "Ho, Conrad"]
[Result "1-0"]
[WhiteElo "2505"]
[BlackElo "2046"]
[Annotator "TA"]
[PlyCount "65"]
[EventDate "2019.11.29"]
[EventType "swiss"]
[EventCountry "ENG"]
[SourceTitle "playchess.com"]
[Source "ChessBase"]
[SourceQuality "1"]

{[%evp 13,65,7,59,-26,0,-12,-21,-16,-18,-40,24,10,49,-12,66,42,39,31,99,91,472,474,593,606,828,870,1000,996,960,996,919,602,598,591,601,591,1052,1060,1070,1054,995,995,1055,1069,2154,3159,2111,2053,29988,29989,29993,29994,29998,29999]} 1. d4 d5 2. c4 c6 3. Nf3 Nf6 4. Nc3 e6 5. Bg5 dxc4 6. a4 b5 7. e4 Bb7 (7... Qb6 $11) 8. e5 {D44: Semi-Slav: Botvinnik System} ({White should play} 8. axb5 $14 cxb5 9. Nxb5) 8... h6 $11 9. Bh4 {[%mdl 64] [#] Pin} g5 10. Bg3 {The position is equal.} Nd5 11. Be2 Nxc3 (11... Qa5 $15 12. axb5 Nxc3 13. Rxa5 Nxd1 14. Kxd1 cxb5 15. Rxb5 Bc6 16. Bxc4 Bxb5 17. Bxb5+ Nd7) (11... Bb4 12. O-O Bxc3 13. bxc3 Nxc3 14. Qc2 Nxe2+ 15. Qxe2 Qd5 16. Nd2 c5 17. f3 Qxd4+ 18. Kh1 Qd3 {½-½ (18) Zubov,A (2599)-Gorodetzky,D (2449) Petah Tikva 2019}) 12. bxc3 a6 $146 ({Predecessor:} 12... Be7 13. Nd2 a6 14. Ne4 Nd7 15. O-O Nb6 16. f4 c5 17. Nd6+ Bxd6 18. exd6 Nxa4 19. Bh5 Rf8 20. f5 Bd5 21. fxe6 Bxe6 22. d5 Kd7 23. dxe6+ fxe6 24. Rxf8 Qxf8 25. Rxa4 {1-0 (25) Dubey,S (1804)-Tarun,K (1691) Aligarh 2016}) 13. Qb1 (13. Nd2 $14) 13... Qd7 (13... Nd7 $11) 14. h4 {[%mdl 1024] White has compensation.} g4 $1 {[%cal Rg4f3]} 15. Nd2 h5 (15... c5 $14) 16. Ne4 $36 {[%mdl 2048] Nf6+ is the strong threat. Keeping Black busy.} Rh6 $2 {[%mdl 8192]} (16... Be7 $16 {is more resistant.}) 17. Bf4 $18 Rg6 {[#]} 18. Bxg4 $1 {[%mdl 512]} hxg4 (18... Rxg4 19. Nf6+) 19. h5 f5 20. hxg6 fxe4 21. Rh7 Bg7 22. Bh6 Bxh6 23. Rxd7 Nxd7 24. Qxe4 g3 25. axb5 axb5 26. Rxa8+ Bxa8 27. Qg4 gxf2+ 28. Kxf2 c5 29. Qxe6+ Kd8 30. Qg8+ Bf8 31. g7 {[%mdl 64] Pin. White mates.} Ke7 32. e6 Bd5 33. Qf7+ {Accuracy: White = 53%, Black = 20%.} 1-0

[Event "11th LCC FIDE Open 2019"]
[Site "London"]
[Date "2019.11.29"]
[Round "1.8"]
[White "Vaddadi, Seshagiri"]
[Black "Petrov, Martin"]
[Result "0-1"]
[WhiteElo "2042"]
[BlackElo "2497"]
[Annotator "TA"]
[PlyCount "32"]
[EventDate "2019.11.29"]
[EventType "swiss"]
[EventCountry "ENG"]
[SourceTitle "playchess.com"]
[Source "ChessBase"]
[SourceQuality "1"]

{[%evp 24,54,-44,-54,-46,-70,-68,-85,-74,-181,-156,-149,-158,-165,-178,-253,-196,-183,-185,-240,-242,-392,-389,-391,-380,-524,-519,-498,-490,-1633,-1635,-1287,-1411]} 1. e4 c5 2. Nf3 d6 3. d4 cxd4 4. Nxd4 Nf6 5. Nc3 a6 6. Be2 e5 7. Nb3 Be7 8. O-O O-O 9. f4 b5 10. a3 Nbd7 11. Be3 Bb7 12. Bf3 Rc8 13. Qe2 Nb6 {B92: Sicilian Najdorf: 6 Be2} 14. fxe5 dxe5 15. Rad1 Qc7 {Black is better.} 16. Qf2 $146 (16. Nd2 $17) ({Predecessor:} 16. Na5 Ba8 17. Rd2 Na4 18. Nxa4 bxa4 19. Qxa6 Bxe4 20. Qb5 Bxf3 21. Rxf3 {0-1 (53) Valevich,S (1924)-Aliavdin,N (2367) Minsk 2010}) 16... Nc4 {Played: Nb6-a4} 0-1

[Event "11th LCC FIDE Open 2019"]
[Site "London"]
[Date "2019.11.29"]
[Round "1.9"]
[White "Gormally, Daniel W"]
[Black "Walker, Samuel A"]
[Result "1-0"]
[WhiteElo "2491"]
[BlackElo "2039"]
[Annotator "RC"]
[PlyCount "47"]
[EventDate "2019.11.29"]
[EventType "swiss"]
[EventCountry "ENG"]
[SourceTitle "playchess.com"]
[Source "ChessBase"]
[SourceQuality "1"]
[TimeControl "40/5400+30:1800+30"]

1. d4 {[%emt 0:00:00]} Nf6 {[%emt 0:00:00]} 2. c4 {[%emt 0:00:00]} g6 {[%emt 0:00:06]} 3. Nc3 {[%emt 0:00:00]} d5 {[%emt 0:00:13]} 4. cxd5 {[%emt 0:00:02]} Nxd5 {[%emt 0:00:03]} 5. e4 {[%emt 0:00:11]} Nxc3 {[%emt 0:00:10]} 6. bxc3 {[%emt 0:00:05]} Bg7 {[%emt 0:00:11]} 7. Nf3 {[%emt 0:00:40]} c5 {[%emt 0:00:17]} 8. Rb1 {[%emt 0:00:07]} O-O {[%emt 0:01:22]} 9. Be2 {[%emt 0:00:07]} Nd7 {[%emt 0:00:38]} 10. O-O {[%emt 0:00:08]} Nf6 {[%emt 0:00:16]} 11. Bd3 {[%emt 0:00:34]} b6 {[%emt 0:02:43]} 12. Qe2 {[%emt 0:00:56]} e6 {[%emt 0:11:29]} 13. Bf4 {[%emt 0:14:04]} Re8 14. dxc5 {[%emt 0:00:19]} bxc5 15. Rfd1 {[%emt 0:08:27]} Bd7 {[%emt 0:16:24]} 16. h3 Ba4 {[%emt 0:00:00]} 17. Rdc1 Nh5 {[%emt 0:00:00]} 18. Be3 {[%emt 0:01:30]} e5 {[%emt 0:00:00]} 19. Bc4 {[%emt 0:00:30]} Re7 {[%emt 0:22:45]} 20. Bd5 {[%emt 0:13:11]} Rc8 {[%emt 0:03:41]} 21. Qa6 {[%emt 0:00:32]} Be8 {[%emt 0:00:49]} 22. Bg5 {[%emt 0:00:38]} Nf4 {[%emt 0:01:51]} 23. Bxe7 {[%emt 0:00:31]} Qxe7 {[%emt 0:00:06]} 24. Qxc8 {[%emt 0:00:06]} 1-0

[Event "11th LCC FIDE Open 2019"]
[Site "London"]
[Date "2019.11.29"]
[Round "1.11"]
[White "Flear, Glenn C"]
[Black "Chakanyuka, Charles"]
[Result "1-0"]
[WhiteElo "2463"]
[BlackElo "2036"]
[Annotator "TA"]
[PlyCount "95"]
[EventDate "2019.11.29"]
[EventType "swiss"]
[EventCountry "ENG"]
[SourceTitle "playchess.com"]
[Source "ChessBase"]
[SourceQuality "1"]

{[%evp 12,95,45,42,56,11,18,8,19,4,65,58,66,22,93,87,120,121,122,125,170,156,158,134,134,73,79,60,210,218,219,195,162,103,152,64,210,204,223,214,231,218,322,312,312,300,325,307,304,305,287,295,440,435,435,412,462,455,475,481,491,390,525,518,574,523,523,523,514,513,550,489,523,500,730,722,715,686,677,626,29975,29977,29977,29978,29992,29993]} 1. d4 Nf6 2. c4 g6 3. Nc3 Bg7 4. e4 d6 5. Be2 O-O 6. Bg5 a6 7. Nf3 h6 {E73: King's Indian: Averbakh Variation without 6...c5} (7... Bg4 8. O-O Nfd7 9. d5 Re8 10. Rc1 c5 11. a4 b5 12. cxb5 axb5 13. Bxb5 Ne5 14. Bxe8 Qxe8 15. Bf4 {0-1 (33) Korobov,A (2700)-Guseinov,G (2634) Berlin 2015}) 8. Bh4 Bg4 $146 ({Predecessor:} 8... c5 9. dxc5 Qa5 10. cxd6 Nxe4 11. dxe7 Bxc3+ 12. bxc3 Qxc3+ 13. Kf1 Re8 14. Rc1 Qb2 15. Rc2 {1-0 (67) Batchimeg,T (2376)-Pitra,A (2276) Jakarta 2013}) 9. h3 Bxf3 $1 {The position is equal.} 10. Bxf3 Nc6 (10... Nfd7 $11) 11. d5 $1 $14 {[%cal Rd5c6]} Na5 12. Be2 c5 (12... c6 $1 $11 {remains equal.}) 13. O-O $16 e5 14. Qd3 Qe8 15. Rab1 g5 16. Bg3 b5 17. cxb5 c4 18. Qc2 (18. Qe3 $142) 18... axb5 19. b4 Nb7 {[#]} (19... cxb3 $1 $14 20. axb3 b4) 20. a4 $1 $18 {[%mdl 512]} bxa4 21. Bxc4 Qc8 22. Qa2 (22. Nd1 $18) 22... Nh5 23. Ne2 ({White should play} 23. Bh2 $16) 23... Nf4 (23... g4 $14) 24. Bb5 Qd8 25. Bc6 Qb6 26. Kh2 Rfb8 (26... f5 $142) 27. f3 Qe3 28. Nc1 Nh5 29. Re1 Qb6 30. Bf2 ({Wrong is} 30. Bxa4 $2 Nxg3 31. Kxg3 {[#]} Nc5 $1 $17 {[%mdl 512]}) 30... Qd8 31. Ne2 {[%cal Bc1e2,Be2g3,Bg3f5][%mdl 32]} Nf6 (31... Qe7 {was called for.} 32. Bxa4 Qd7) 32. Ng3 Ne8 33. Nf5 Bf8 34. Rec1 Kh7 35. Rc3 Ng7 36. Nxg7 Kxg7 37. Ra3 Qc8 38. Rxa4 Rxa4 39. Qxa4 Nc5 40. Qa3 ({Weaker is} 40. bxc5 Rxb1 41. Bd7 Qb8 $11) 40... Qc7 41. Rc1 Nd7 42. Ba7 {Bxd7 is the strong threat.} Rxb4 43. Qxb4 Qxa7 44. Bxd7 {[%mdl 64] Overworked Piece} Qxd7 {KQR-KQB} 45. Qb8 {Threatens to win with Rc7.} g4 46. Rc7 {White mates.} g3+ 47. Kxg3 Qa4 48. Qc8 {Accuracy: White = 60%, Black = 28%.} 1-0

[Event "11th LCC FIDE Open 2019"]
[Site "London"]
[Date "2019.11.29"]
[Round "1.12"]
[White "Flear, Christine"]
[Black "Arkell, Keith C"]
[Result "0-1"]
[WhiteElo "2035"]
[BlackElo "2445"]
[Annotator "ChessBase"]
[PlyCount "98"]
[EventDate "2019.11.29"]
[EventType "swiss"]
[EventCountry "ENG"]
[SourceTitle "playchess.com"]
[Source "ChessBase"]
[SourceQuality "1"]
[TimeControl "40/5400+30:1800+30"]

1. d4 {[%emt 0:00:00]} d6 {[%emt 0:00:00]} 2. Nf3 {[%emt 0:00:45]} Bg4 {[%emt 0:00:00]} 3. e3 {[%emt 0:00:20]} Nc6 {[%emt 0:00:03]} 4. h3 {[%emt 0:05:14]} Bd7 {[%emt 0:02:10]} 5. d5 {[%emt 0:12:16]} Ne5 {[%emt 0:00:06]} 6. Nxe5 {[%emt 0:01:00]} dxe5 {[%emt 0:00:06]} 7. Bc4 {[%emt 0:01:14]} Nf6 {[%emt 0:00:42]} 8. Nc3 {[%emt 0:02:16]} g6 {[%emt 0:00:44]} 9. g4 {[%emt 0:04:23]} h6 {[%emt 0:00:44]} 10. Qf3 {[%emt 0:14:28]} Bg7 {[%emt 0:00:27]} 11. Bd2 {[%emt 0:10:08]} a6 {[%emt 0:01:31]} 12. Rg1 {[%emt 0:05:00]} b5 {[%emt 0:01:36]} 13. Bb3 {[%emt 0:01:57]} Rc8 {[%emt 0:03:29]} 14. O-O-O {[%emt 0:04:42]} c5 {[%emt 0:02:04]} 15. dxc6 {[%emt 0:00:39]} Bxc6 {[%emt 0:00:04]} 16. e4 {[%emt 0:00:41]} Qc7 {[%emt 0:07:13]} 17. g5 {[%emt 0:06:31]} hxg5 {[%emt 0:00:23]} 18. Bxg5 {[%emt 0:00:05]} a5 {[%emt 0:03:26]} 19. Bxf6 {[%emt 0:06:56]} Bxf6 {[%emt 0:01:35]} 20. a4 {[%emt 0:01:04]} bxa4 {[%emt 0:00:32]} 21. Nxa4 {[%emt 0:00:14]} Rh7 {[%emt 0:22:57]} 22. Kb1 {[%emt 0:08:57]} Bd7 {[%emt 0:06:07]} 23. Rg3 {[%emt 0:03:39]} Be6 {[%emt 0:01:53]} 24. Rd2 {[%emt 0:01:53]} Qc6 {[%emt 0:05:07]} 25. Bxe6 {[%emt 0:02:59]} Qxe6 {[%emt 0:00:07]} 26. Nc3 {[%emt 0:01:06]} Kf8 {[%emt 0:00:42]} 27. Rd5 {[%emt 0:01:36]} Ra8 {[%emt 0:03:05]} 28. Qd3 {[%emt 0:00:47]} Kg7 {[%emt 0:00:23]} 29. Rd8 {[%emt 0:00:53]} Rxd8 {[%emt 0:01:45]} 30. Qxd8 {[%emt 0:00:02]} Rxh3 {[%emt 0:00:32]} 31. Rxh3 {[%emt 0:01:32]} Qxh3 {[%emt 0:00:06]} 32. Qxa5 {[%emt 0:00:16]} Qf1+ {[%emt 0:00:06]} 33. Ka2 {[%emt 0:00:05]} Qxf2 {[%emt 0:00:07]} 34. Qa4 {[%emt 0:00:55]} g5 {[%emt 0:00:07]} 35. Nd5 {[%emt 0:00:24]} e6 {[%emt 0:04:11]} 36. Nxf6 {[%emt 0:00:53]} Kxf6 {[%emt 0:00:10]} 37. Qc6 {[%emt 0:01:03]} g4 {[%emt 0:00:15]} 38. Qc7 {[%emt 0:00:14]} g3 {[%emt 0:01:04]} 39. Qd8+ {[%emt 0:00:17]} Kg6 {[%emt 0:00:06]} 40. Qg8+ {[%emt 0:00:31]} Kh5 {[%emt 0:00:06]} 41. Qh8+ {[%emt 0:09:07]} Kg4 {[%emt 0:00:15]} 42. Qxe5 {[%emt 0:00:22]} g2 {[%emt 0:00:15]} 43. Qg7+ {[%emt 0:00:19]} Kh3 {[%emt 0:00:42]} 44. Qh6+ {[%emt 0:01:29]} Qh4 {[%emt 0:00:29]} 45. Qe3+ {[%emt 0:00:57]} Qg3 {[%emt 0:06:50]} 46. Qh6+ {[%emt 0:01:46]} Kg4 {[%emt 0:00:08]} 47. Qg7+ {[%emt 0:00:10]} Kf3 {[%emt 0:00:07]} 48. Qc3+ {[%emt 0:01:54]} Kf4 {[%emt 0:01:07]} 49. Qd2+ {[%emt 0:05:16]} Kg4 {[%emt 0:00:25]} 0-1